000 01389nam a22004097a 4500
003 CHAP
005 20220817044426.0
008 110307s1989 mx a r 00010 spa d
010 _a100589
011 _a101561
020 _a9688270886
035 _a112249
040 _cCHAP
082 0 0 _a972.014
_bQ39 1989
100 0 0 _aQuezada, Noemí.
_993284
245 1 0 _aAmor y magia amorosa entre los aztecas :
_bsupervivencia en el México colonial
_c/por Noemí Quezada
250 _a3 ed.
260 _aMéxico, D.F. :
_bUNAM. Instituto de Investigaciones Antropológicas,
_c1989
300 _a162 p. :
_bilus.
490 0 _aSerie antropológica
_v; 17
590 _aBATCH-UPD
_b10
_c20130110
_lUCH01
_h1111
590 _aBATCH-UPD
_b10
_c20130410
_lUCH01
_h0702
590 _aBATCH-UPD
_b10
_c20130914
_lUCH01
_h0512
590 _aCONVERSION
_b10
_c20130109
_lUCH01
_h1355
650 1 4 _aAztecas.
_99195
650 1 4 _aDrogas alucinógenas.
_934247
650 1 4 _aIndios de México.
650 1 4 _aIndios de México
_xReligión y mitología.
_957636
650 1 4 _aMéxico
_xHistoria
_xColonia.
_976754
650 1 4 _aMitología.
_976248
650 1 4 _aSexo.
_9105415
650 1 4 _aSexualidad humana.
_9105427
830 0 _aSerie antropológica
_v; 17
_9104597
901 _aBK
942 _cLIBRO
949 _a972.014 Q39 1989
_bBC
_cLIBRO
_d33724002237090
_eLIBRO
_gDonaciØn
_h114238
_i112249
_si
999 _c100589
_d100589